Central Library OPAC University of Rajshahi

John Company at work : (Record no. 43225)

MARC details
000 -LEADER
fixed length control field 01085nam a2200301 a 4500
001 - CONTROL NUMBER
control field 43225
003 - CONTROL NUMBER IDENTIFIER
rucl marc code BD-RjUL
005 - DATE AND TIME OF LATEST TRANSACTION
control field 20211209053651.0
008 - FIXED-LENGTH DATA ELEMENTS--GENERAL INFORMATION
fixed length control field 160620m19511948en b 001 0 eng
035 ## - SYSTEM CONTROL NUMBER
System control number (BD-RjUL)43343
040 ## - CATALOGING SOURCE
Original cataloging agency DLC
Transcribing agency WSU
Modifying agency TJC
-- BD-RjUL
Language of cataloging eng
041 ## - LANGUAGE CODE
Language code of text/sound track or separate title eng
082 ## - DEWEY DECIMAL CLASSIFICATION NUMBER
Classification number 330.954
Author mark and year FUJ 1951
100 1# - MAIN ENTRY--PERSONAL NAME
Personal name Furber, Holden
Dates associated with a name 1903-1993.
9 (RLIN) 132769
245 10 - TITLE STATEMENT
Title John Company at work :
Remainder of title a study of European expansion in India in the late eighteenth century /
Statement of responsibility, etc. by Holden Furber
260 ## - PUBLICATION, DISTRIBUTION, ETC. (IMPRINT)
Place of publication, distribution, etc. London :
Name of publisher, distributor, etc. Cambridge Harvard Univ. Press,
Date of publication, distribution, etc. c1948 [printing 1951]
300 ## - PHYSICAL DESCRIPTION
Pagination xi, 407 p.
Size 23 cm.
490 1# - SERIES STATEMENT
Series statement Harvard historical studies ;
Volume/sequential designation 55
500 ## - GENERAL NOTE
General note Includes index
610 20 - SUBJECT ADDED ENTRY--CORPORATE NAME
Corporate name or jurisdiction name as entry element East India Company.
Corporate name or jurisdiction name as entry element Nederlandsche Oost-Indische Compagnie.
Corporate name or jurisdiction name as entry element Compagnie nouvelle des Indes.
Corporate name or jurisdiction name as entry element Danske asiatiske kompagni.
651 #0 - SUBJECT ADDED ENTRY--GEOGRAPHIC NAME
Geographic name India
General subdivision Economic conditions.
9 (RLIN) 132774
Geographic name India
General subdivision Politics and government.
9 (RLIN) 132775
830 #0 - SERIES ADDED ENTRY--UNIFORM TITLE
Uniform title Harvard historical studies ;
Volume number/sequential designation v. 55.
942 ## - ADDED ENTRY ELEMENTS (KOHA)
Source of classification or shelving scheme Dewey Decimal Classification
Koha item type Books
Holdings
Lost status Source of classification or shelving scheme Damaged status Not for loan Collection code Permanent Location Current Location Shelving location Date acquired Source of acquisition Cost, normal purchase price Total Checkouts Full call number Date last seen Copy number Koha item type
  Dewey Decimal Classification     Non-fiction Central Library, University of Rajshahi Central Library, University of Rajshahi   09/08/1955 O.U.P 24.00   330.954 FUJ 1951 20/06/2016 C-2 Books